Latin Artists by Picture 2 - Statistics

General Stats
  • This quiz has been taken 28 times
  • The average score is 9 of 20
Answer Stats
Picture Answer % Correct
Maluma
94%
Becky G
69%
Rosalia
69%
Sech
63%
Farruko
56%
Romeo Santos
56%
Anitta
50%
Bryant Myers
44%
Duki
44%
Jay Wheeler
44%
Mora
44%
Chencho Corleone
38%
Christian Nodal
38%
Eladio Carrion
38%
Luar La L
38%
Noriel
38%
Almighty
31%
Angela Aguilar
25%
Juhn
25%
Maldy
25%
No matching quizzes found
Score Distribution
Percent of People with Each Score
Percentile by Number Answered
Your Score History
You have not taken this quiz